UM Logo

Always and forever Lara Jean / (Record no. 15615)

MARC details
000 -LEADER
fixed length control field 01499nam a2200157 4500
005 - DATE AND TIME OF LATEST TRANSACTION
control field 20250320100235.0
008 - FIXED-LENGTH DATA ELEMENTS--GENERAL INFORMATION
fixed length control field 201012b ||||| |||| 00| 0 eng d
020 ## - INTERNATIONAL STANDARD BOOK NUMBER
International Standard Book Number 9781481430494
082 ## - DEWEY DECIMAL CLASSIFICATION NUMBER
Classification number DFic H190 2017
100 ## - MAIN ENTRY--PERSONAL NAME
Personal name Han, Jenny.
9 (RLIN) 42254
245 ## - TITLE STATEMENT
Title Always and forever Lara Jean /
Statement of responsibility, etc. Jenny Han
260 ## - PUBLICATION, DISTRIBUTION, ETC. (IMPRINT)
Place of publication, distribution, etc. New York :
Name of publisher, distributor, etc. Simon and Schuster Children's Publishing Division,
Date of publication, distribution, etc. ©2017
300 ## - PHYSICAL DESCRIPTION
Extent 325 pages ;
Dimensions 22 cm
520 ## - SUMMARY, ETC.
Summary, etc. Lara Jean’s letter-writing days aren’t over in this surprise follow-up to the bestselling To All the Boys I’ve Loved Before and P.S. I Still Love You.<br/><br/>Lara Jean is having the best senior year a girl could ever hope for. She is head over heels in love with her boyfriend, Peter; her dad’s finally getting remarried to their next door neighbor, Ms. Rothschild; and Margot’s coming home for the summer just in time for the wedding.<br/><br/>But change is looming on the horizon. And while Lara Jean is having fun and keeping busy helping plan her father’s wedding, she can’t ignore the big life decisions she has to make. Most pressingly, where she wants to go to college and what that means for her relationship with Peter. She watched her sister Margot go through these growing pains. Now Lara Jean’s the one who’ll be graduating high school and leaving for college and leaving her family—and possibly the boy she loves—behind.<br/><br/>When your heart and your head are saying two different things, which one should you listen to?
942 ## - ADDED ENTRY ELEMENTS (KOHA)
Source of classification or shelving scheme Dewey Decimal Classification
Koha item type Fiction
Holdings
Withdrawn status Lost status Source of classification or shelving scheme Damaged status Not for loan Collection code Home library Current library Date acquired Source of acquisition Total Checkouts Full call number Barcode Date last seen Koha item type
    Dewey Decimal Classification     Fiction UM Digos College - LIC UM Digos College - LIC 04/25/2024 Donated   DFic H190 2017 28656 05/15/2025 Fiction